[Event "Quebec-ch U20"]
[Site "Montreal CAN"]
[Date "2013.02.09"]
[Round "2"]
[White "Shi, Ling Yun"]
[Black "Utepova, Alika"]
[Result "1/2-1/2"]
[WhiteElo "1683"]
[BlackElo "1481"]
[PlyCount "71"]
[GameId "2160767909381847"]
[EventDate "2013.02.08"]
[EventType "swiss"]
[EventRounds "5"]
[EventCountry "CAN"]
[SourceTitle "EXT 2022"]
[Source "ChessBase"]
[SourceDate "2021.10.06"]
[SourceVersion "1"]
[SourceVersionDate "2021.10.06"]
[SourceQuality "1"]

1. e4 c5 2. Nf3 d6 3. Bb5+ Bd7 4. Bxd7+ Qxd7 5. O-O Nf6 6. Re1 g6 7. c3 Nc6 8. d4 cxd4 9. cxd4 Rc8 10. a3 e6 11. Nc3 Bg7 12. Bf4 Nh5 13. Be3 a6 14. Qd2 O-O 15. Rad1 d5 16. e5 f5 17. exf6 Bxf6 18. Re2 b5 19. Rde1 Ng7 20. Bh6 Rfe8 21. Bxg7 Kxg7 22. b4 Qa7 23. Rxe6 Rxe6 24. Rxe6 Nxd4 25. Nxd4 Qxd4 26. Qxd4 Bxd4 27. Ne2 Rc2 28. Kf1 Bb2 29. Rxa6 d4 30. Nf4 Kh6 31. Nd3 Bc3 32. Rd6 Ra2 33. Rd5 Rxa3 34. Ke2 Ra2+ 35. Kf3 Rd2 36. Ke4 1/2-1/2

[Event "Quebec-ch U20"]
[Site "Montreal CAN"]
[Date "2013.02.09"]
[Round "2"]
[White "Sprumont, Oscar"]
[Black "Kleinman, Michael"]
[Result "1/2-1/2"]
[WhiteElo "1942"]
[BlackElo "2301"]
[PlyCount "201"]
[GameId "2160767909381848"]
[EventDate "2013.02.08"]
[EventType "swiss"]
[EventRounds "5"]
[EventCountry "CAN"]
[SourceTitle "EXT 2022"]
[Source "ChessBase"]
[SourceDate "2021.10.06"]
[SourceVersion "1"]
[SourceVersionDate "2021.10.06"]
[SourceQuality "1"]

1. e4 c5 2. c3 d5 3. exd5 Qxd5 4. d4 Nf6 5. Nf3 Bg4 6. Be2 e6 7. O-O Nc6 8. h3 Bh5 9. Be3 cxd4 10. cxd4 Be7 11. Nc3 Qd6 12. Qb3 O-O 13. Rfd1 Nb4 14. Rac1 Nbd5 15. Nxd5 Nxd5 16. Rc4 Qb6 17. Rdc1 Qxb3 18. axb3 f6 19. Kf1 Rfd8 20. R4c2 Bg6 21. Rc4 b5 22. Rc6 Bd6 23. Rd1 Nb4 24. Rc3 Nd5 25. Rc6 Be4 26. Ra6 Nb4 27. Raa1 a6 28. Ne1 Bd5 29. Bf3 Bxb3 30. Bxa8 Bxd1 31. Bb7 Bb3 32. Bd2 Bc4+ 33. Kg1 Rb8 34. Bxb4 Bxb4 35. Nc2 a5 36. Nxb4 axb4 37. Ra8 Rxa8 38. Bxa8 Kf7 39. f4 Ke7 40. Kf2 Kd6 41. Be4 h6 42. g3 Bd5 43. Bd3 Kc6 44. Ke3 g5 45. Be2 Bc4 46. Bf3+ Kd6 47. h4 gxh4 48. gxh4 Bd5 49. Be2 Bc6 50. Bd1 Be8 51. Bf3 Bg6 52. Be2 Kc6 53. Bf3+ Kb6 54. Bd1 Bb1 55. Kd2 Be4 56. Ke3 Bd5 57. Be2 Kc6 58. Bd1 Kd6 59. Be2 Bc4 60. Bf3 Ke7 61. Bd1 Kf7 62. Bh5+ Kg7 63. Kd2 Kf8 64. Ke3 Ke7 65. Bd1 Kd6 66. Bf3 Bd5 67. Be2 Bc6 68. Kd2 Be8 69. Bf3 Bc6 70. Bd1 Bd5 71. Be2 Bc4 72. Bf3 Ke7 73. Ke3 Kf7 74. Kf2 Kg6 75. Kg3 Kf7 76. Kf2 Ke7 77. Ke3 Kd6 78. Kd2 b3 79. Ke3 Kc7 80. Bd1 Kb6 81. Bf3 Ka5 82. Bd1 Kb4 83. Bg4 Bd5 84. Be2 Bg2 85. Bg4 f5 86. Be2 Bd5 87. Bd1 Ka4 88. Be2 Ka5 89. Bd1 Kb6 90. Bh5 Kc7 91. Be2 Kc6 92. Bd1 Kd6 93. Be2 Bc4 94. Bf3 Bd5 95. Be2 Bc4 96. Bf3 Bd5 97. Bd1 Ke7 98. Be2 Bc6 99. Bd1 Bd5 100. Be2 Bc4 101. Bf3 1/2-1/2

[Event "Quebec-ch U20"]
[Site "Montreal CAN"]
[Date "2013.02.09"]
[Round "2"]
[White "Sturt, Raven"]
[Black "Nikulich, Oleksandr"]
[Result "1-0"]
[WhiteElo "2301"]
[BlackElo "1933"]
[PlyCount "61"]
[GameId "2160767909381849"]
[EventDate "2013.02.08"]
[EventType "swiss"]
[EventRounds "5"]
[EventCountry "CAN"]
[SourceTitle "EXT 2022"]
[Source "ChessBase"]
[SourceDate "2021.10.06"]
[SourceVersion "1"]
[SourceVersionDate "2021.10.06"]
[SourceQuality "1"]

1. d4 Nf6 2. c4 e6 3. g3 d5 4. Nf3 Nbd7 5. Bg2 Be7 6. O-O O-O 7. Nc3 dxc4 8. e4 c5 9. d5 Nb6 10. d6 Qxd6 11. Qxd6 Bxd6 12. e5 Be7 13. exf6 gxf6 14. Rd1 e5 15. Nh4 Rb8 16. Be4 Rd8 17. Rxd8+ Bxd8 18. Be3 Be7 19. Rd1 Be6 20. Nf5 Bf8 21. a4 Nd7 22. Nd6 Bxd6 23. Rxd6 b6 24. Bc6 Nf8 25. Bh6 f5 26. Nd5 Ng6 27. h4 e4 28. Nf6+ Kh8 29. Bd5 Nf8 30. Bxe6 fxe6 31. Rc6 1-0

[Event "Quebec-ch U20"]
[Site "Montreal CAN"]
[Date "2013.02.09"]
[Round "3"]
[White "Alcantara, Maximo jr"]
[Black "Johnson-Constantin, Mathieu"]
[Result "0-1"]
[WhiteElo "1877"]
[BlackElo "1391"]
[PlyCount "64"]
[GameId "2160767909381851"]
[EventDate "2013.02.08"]
[EventType "swiss"]
[EventRounds "5"]
[EventCountry "CAN"]
[SourceTitle "EXT 2022"]
[Source "ChessBase"]
[SourceDate "2021.10.06"]
[SourceVersion "1"]
[SourceVersionDate "2021.10.06"]
[SourceQuality "1"]

1. Nf3 d5 2. d4 Nf6 3. c4 e6 4. Nc3 Bb4 5. Bd2 O-O 6. e3 Nc6 7. a3 Bxc3 8. Bxc3 Bd7 9. b4 a5 10. b5 Ne7 11. a4 c6 12. c5 b6 13. Bd3 Ne4 14. Bb2 bxc5 15. dxc5 Nxc5 16. Ng5 Ng6 17. Bxg6 Qxg5 18. Bh5 Qxg2 19. Bf3 Nd3+ 20. Qxd3 Qxf3 21. Rg1 g6 22. bxc6 Bxc6 23. Rc1 Rac8 24. Rc5 Bd7 25. Qc3 f6 26. Rc7 Qe4 27. f3 Rxc7 28. Qxc7 Qxe3+ 29. Kf1 Qxf3+ 30. Ke1 Qe4+ 31. Kd2 Qxa4 32. Ra1 Qc6 0-1

[Event "Quebec-ch U20"]
[Site "Montreal CAN"]
[Date "2013.02.09"]
[Round "3"]
[White "Fan, Run Kun"]
[Black "Sprumont, Oscar"]
[Result "0-1"]
[WhiteElo "1470"]
[BlackElo "1942"]
[PlyCount "40"]
[GameId "2160767909381852"]
[EventDate "2013.02.08"]
[EventType "swiss"]
[EventRounds "5"]
[EventCountry "CAN"]
[SourceTitle "EXT 2022"]
[Source "ChessBase"]
[SourceDate "2021.10.06"]
[SourceVersion "1"]
[SourceVersionDate "2021.10.06"]
[SourceQuality "1"]

1. e4 c6 2. d4 d5 3. Nc3 dxe4 4. Nxe4 Bf5 5. Ng3 Bg6 6. Nf3 Nd7 7. Bd3 Bxd3 8. Qxd3 e6 9. O-O Ngf6 10. Bd2 Be7 11. c4 O-O 12. Bc3 Qc7 13. Rad1 Rfd8 14. Qe2 Nf8 15. Ne5 Rac8 16. Ne4 Nxe4 17. Qxe4 Bf6 18. Ng4 Be7 19. Rd3 f5 20. Rg3 Qxg3 0-1

[Event "Quebec-ch U20"]
[Site "Montreal CAN"]
[Date "2013.02.09"]
[Round "3"]
[White "Kleinman, Michael"]
[Black "Cote-Lalumiere, Tristan"]
[Result "0-1"]
[WhiteElo "2301"]
[BlackElo "1859"]
[PlyCount "92"]
[GameId "2160767909381853"]
[EventDate "2013.02.08"]
[EventType "swiss"]
[EventRounds "5"]
[EventCountry "CAN"]
[SourceTitle "EXT 2022"]
[Source "ChessBase"]
[SourceDate "2021.10.06"]
[SourceVersion "1"]
[SourceVersionDate "2021.10.06"]
[SourceQuality "1"]

1. e4 c5 2. Nf3 d6 3. d4 cxd4 4. Nxd4 Nf6 5. Nc3 g6 6. Be3 Bg7 7. f3 O-O 8. Qd2 Nc6 9. Bc4 Bd7 10. Bb3 Rc8 11. O-O-O Ne5 12. Kb1 Nc4 13. Bxc4 Rxc4 14. g4 b5 15. b3 Rc7 16. Ncxb5 Rb7 17. c4 Qb8 18. Qd3 Rc8 19. Bc1 a6 20. Na3 a5 21. Bb2 a4 22. Ndb5 axb3 23. axb3 Rb6 24. Bc3 Qa8 25. g5 Nh5 26. Bxg7 Nxg7 27. Kb2 Ne6 28. Ra1 Qb7 29. h4 Rb8 30. h5 Nc7 31. hxg6 fxg6 32. f4 Nxb5 33. cxb5 Bxb5 34. Qh3 Bc4 35. Qxh7+ Kf8 36. Qh6+ Ke8 37. Qxg6+ Kd7 38. Nxc4 Rxb3+ 39. Kc2 Rb2+ 40. Kc1 Rb1+ 41. Kd2 Qb4+ 42. Ke2 Qxc4+ 43. Kf3 Qd3+ 44. Kg4 Qe2+ 45. Kf5 R8b5+ 46. e5 Qd3+ 0-1

[Event "Quebec-ch U20"]
[Site "Montreal CAN"]
[Date "2013.02.09"]
[Round "3"]
[White "Leung, Chin"]
[Black "Ouellet, Maili-Jade"]
[Result "0-1"]
[WhiteElo "1712"]
[BlackElo "1552"]
[PlyCount "30"]
[GameId "2160767909381855"]
[EventDate "2013.02.08"]
[EventType "swiss"]
[EventRounds "5"]
[EventCountry "CAN"]
[SourceTitle "EXT 2022"]
[Source "ChessBase"]
[SourceDate "2021.10.06"]
[SourceVersion "1"]
[SourceVersionDate "2021.10.06"]
[SourceQuality "1"]

1. e4 c5 2. Nf3 e6 3. d4 cxd4 4. Nxd4 Nf6 5. Nc3 Bb4 6. Bg5 h6 7. Bxf6 Qxf6 8. Qd3 Nc6 9. Ndb5 O-O 10. a3 Ba5 11. b4 Bb6 12. Qd2 a6 13. Nd6 Bd4 14. e5 Qxe5+ 15. Nde4 Bxc3 0-1

[Event "Quebec-ch U20"]
[Site "Montreal CAN"]
[Date "2013.02.09"]
[Round "3"]
[White "Nikulich, Oleksandr"]
[Black "Luo, Alan"]
[Result "1-0"]
[WhiteElo "1933"]
[BlackElo "1190"]
[PlyCount "63"]
[GameId "2160767909381856"]
[EventDate "2013.02.08"]
[EventType "swiss"]
[EventRounds "5"]
[EventCountry "CAN"]
[SourceTitle "EXT 2022"]
[Source "ChessBase"]
[SourceDate "2021.10.06"]
[SourceVersion "1"]
[SourceVersionDate "2021.10.06"]
[SourceQuality "1"]

1. Nf3 d5 2. c4 c5 3. Nc3 Nf6 4. cxd5 Nxd5 5. e3 Nc6 6. Bb5 Nxc3 7. bxc3 Bd7 8. O-O e6 9. d4 Be7 10. e4 Qa5 11. c4 Rd8 12. d5 exd5 13. exd5 Nb4 14. Bxd7+ Rxd7 15. Bb2 O-O 16. Ne5 Rd6 17. Qg4 Bf6 18. a3 Na6 19. Rae1 Qc7 20. Re3 Qc8 21. Qh5 Qc7 22. Rfe1 Rb6 23. Rh3 h6 24. Ba1 Re8 25. Rhe3 Re7 26. Qe2 Kf8 27. g3 Qd6 28. Ng4 Rxe3 29. Qxe3 Be7 30. Be5 Qd7 31. d6 Bxd6 32. Bxg7+ 1-0

[Event "Quebec-ch U20"]
[Site "Montreal CAN"]
[Date "2013.02.09"]
[Round "3"]
[White "Poulin, Mathieu"]
[Black "Wang, Kelly"]
[Result "1-0"]
[WhiteElo "2025"]
[BlackElo "1679"]
[PlyCount "85"]
[GameId "2160767909381857"]
[EventDate "2013.02.08"]
[EventType "swiss"]
[EventRounds "5"]
[EventCountry "CAN"]
[SourceTitle "EXT 2022"]
[Source "ChessBase"]
[SourceDate "2021.10.06"]
[SourceVersion "1"]
[SourceVersionDate "2021.10.06"]
[SourceQuality "1"]

1. d4 d5 2. c4 e6 3. Nc3 Nf6 4. cxd5 exd5 5. Bg5 c6 6. Qc2 Be7 7. e3 Nbd7 8. Bd3 Nf8 9. Nf3 Ng6 10. O-O O-O 11. Rab1 Bg4 12. Nd2 Bh5 13. h3 Qd7 14. Bf5 Qd6 15. g4 Bxg4 16. hxg4 Nxg4 17. Bxg4 Bxg5 18. Nf3 Bd8 19. Ne2 Ne7 20. Ng3 Bc7 21. Kg2 Kh8 22. Rh1 f5 23. Nxf5 Qg6 24. Rxh7+ Qxh7 25. Rh1 Qxh1+ 26. Kxh1 Nxf5 27. Bxf5 g6 28. Bg4 Rf6 29. Ne5 Kg7 30. Kg2 g5 31. Qb3 b6 32. Nxc6 Rh8 33. Ne5 Rfh6 34. Qxd5 Bxe5 35. Qxe5+ Kg6 36. d5 Rh4 37. f3 Rh2+ 38. Qxh2 Rxh2+ 39. Kxh2 Kf7 40. d6 Ke8 41. Bf5 Kd8 42. Kg3 a6 43. Kg4 1-0

[Event "Quebec-ch U20"]
[Site "Montreal CAN"]
[Date "2013.02.09"]
[Round "3"]
[White "Saine, Zachary"]
[Black "Shi, Ling Yun"]
[Result "1/2-1/2"]
[WhiteElo "1511"]
[BlackElo "1683"]
[PlyCount "134"]
[GameId "2160767909381858"]
[EventDate "2013.02.08"]
[EventType "swiss"]
[EventRounds "5"]
[EventCountry "CAN"]
[SourceTitle "EXT 2022"]
[Source "ChessBase"]
[SourceDate "2021.10.06"]
[SourceVersion "1"]
[SourceVersionDate "2021.10.06"]
[SourceQuality "1"]

1. e4 c5 2. Nf3 Nc6 3. d4 cxd4 4. Nxd4 d6 5. Nc3 Nf6 6. f3 e6 7. Be3 Be7 8. Qd2 O-O 9. O-O-O a6 10. h4 Nxd4 11. Bxd4 b5 12. g4 Qa5 13. Kb1 b4 14. Ne2 e5 15. Be3 Be6 16. Nc1 Rfd8 17. Qg2 d5 18. Be2 Qc7 19. h5 dxe4 20. fxe4 a5 21. g5 Ne8 22. g6 Rxd1 23. Rxd1 Nf6 24. Rg1 Bf8 25. Bg5 Ne8 26. gxh7+ Kh8 27. Bb5 Bd7 28. Bd3 a4 29. Bh6 Be6 30. Bb5 f6 31. Bxe8 Rxe8 32. Be3 Bf7 33. Qf3 Qc6 34. Qf5 Qe6 35. Qxe6 Rxe6 36. Rh1 Kxh7 37. Nd3 Rc6 38. Rf1 Bd6 39. Bd2 Bxh5 40. Rh1 g6 41. Bxb4 Bxb4 42. Nxb4 Rc4 43. Nd5 Kg7 44. Rf1 Rxe4 45. Nxf6 Rf4 46. Nxh5+ gxh5 47. Rh1 Kg6 48. b3 Kg5 49. c4 axb3 50. axb3 h4 51. c5 Rf6 52. Rc1 Rc6 53. b4 Kf6 54. Kb2 Ke6 55. Rh1 Kd5 56. Rxh4 e4 57. Kc3 Re6 58. Rh5+ Kc6 59. Kc4 e3 60. b5+ Kc7 61. Rh1 e2 62. Re1 Re3 63. Kd4 Re7 64. c6 Kd6 65. Kd3 Re5 66. Rxe2 Rxb5 67. Kc4 Rc5+ 1/2-1/2

[Event "Quebec-ch U20"]
[Site "Montreal CAN"]
[Date "2013.02.09"]
[Round "3"]
[White "Sturt, Raven"]
[Black "Jiang, Louie"]
[Result "0-1"]
[WhiteElo "2301"]
[BlackElo "2353"]
[PlyCount "158"]
[GameId "2160767909381859"]
[EventDate "2013.02.08"]
[EventType "swiss"]
[EventRounds "5"]
[EventCountry "CAN"]
[SourceTitle "EXT 2022"]
[Source "ChessBase"]
[SourceDate "2021.10.06"]
[SourceVersion "1"]
[SourceVersionDate "2021.10.06"]
[SourceQuality "1"]

1. d4 Nf6 2. c4 e6 3. g3 c6 4. Nf3 b6 5. Bg2 d5 6. O-O Be7 7. Nbd2 O-O 8. Qc2 a5 9. e4 Bb7 10. Re1 Na6 11. e5 Nd7 12. cxd5 Nb4 13. Qb1 Nxd5 14. Ne4 h6 15. Nc3 c5 16. Qe4 Nxc3 17. Qxb7 Nd5 18. Qc6 Rc8 19. Qb5 c4 20. a3 Nb8 21. Bf1 Qc7 22. Nd2 c3 23. Ne4 Nc6 24. Qd3 cxb2 25. Bxb2 Qd7 26. Rac1 Na7 27. Qb3 a4 28. Qf3 Rxc1 29. Rxc1 Rc8 30. Qd1 Rd8 31. Bd3 Bf8 32. Bb1 Qb5 33. Qe2 g6 34. Ba2 Be7 35. Qd2 Kg7 36. h4 Qd7 37. h5 Nb5 38. hxg6 fxg6 39. Qd3 Nbc7 40. Nc3 Qe8 41. Bb1 Qf7 42. Nxa4 Rf8 43. Rf1 h5 44. f4 Rh8 45. Nc3 h4 46. Ne4 Qf5 47. Kg2 hxg3 48. Qxg3 Qh5 49. Bd3 Bh4 50. Nf6 Bxf6 51. exf6+ Kxf6 52. Qg5+ Kf7 53. Qxh5 Rxh5 54. Kg3 Ne3 55. Rc1 Ncd5 56. a4 Nf5+ 57. Bxf5 gxf5 58. Ba3 Rh8 59. Bd6 Ra8 60. Rc4 Ke8 61. Kf2 Kd7 62. Be5 Rg8 63. Rc1 Ra8 64. Ra1 Ra5 65. Rh1 Rxa4 66. Rh7+ Kc6 67. Rh6 Ra2+ 68. Kg3 Kb5 69. Rxe6 Kc4 70. Kh4 Rg2 71. Kh5 Kd3 72. Bd6 Kxd4 73. Kh6 Rg4 74. Be5+ Kd3 75. Bb8 Rg8 76. Ba7 b5 77. Re5 Kc4 78. Rxf5 b4 79. Rg5 Rxg5 0-1

[Event "Quebec-ch U20"]
[Site "Montreal CAN"]
[Date "2013.02.09"]
[Round "3"]
[White "Utepova, Alika"]
[Black "Saha, Ananda"]
[Result "0-1"]
[WhiteElo "1481"]
[BlackElo "1647"]
[PlyCount "80"]
[GameId "2160767909381860"]
[EventDate "2013.02.08"]
[EventType "swiss"]
[EventRounds "5"]
[EventCountry "CAN"]
[SourceTitle "EXT 2022"]
[Source "ChessBase"]
[SourceDate "2021.10.06"]
[SourceVersion "1"]
[SourceVersionDate "2021.10.06"]
[SourceQuality "1"]

1. e4 b6 2. d4 Bb7 3. Nc3 e6 4. Bd3 Nf6 5. a3 h6 6. Nf3 c5 7. O-O cxd4 8. Nxd4 Bc5 9. Nb3 Na6 10. e5 Nd5 11. Qg4 g5 12. Ne4 Be7 13. f4 h5 14. Qf3 g4 15. Qf2 Qc7 16. c4 f5 17. cxd5 fxe4 18. d6 Qc6 19. Nd4 Qd5 20. dxe7 exd3 21. b4 h4 22. Be3 h3 23. Qg3 Qxg2+ 24. Qxg2 hxg2 25. Rf2 g3 26. Rxg2 Bxg2 27. Kxg2 gxh2 28. Re1 h1=Q+ 29. Rxh1 Rxh1 30. Kxh1 Kxe7 31. Kg2 Nc7 32. Kf3 Nd5 33. Bd2 Rf8 34. Ke4 Nxf4 35. b5 Nd5 36. Kxd3 Rh8 37. Nf3 Rh3 38. Ke4 Rg3 39. a4 Rg4+ 40. Kd3 Rxa4 0-1

[Event "Quebec-ch U20"]
[Site "Montreal CAN"]
[Date "2013.02.09"]
[Round "3"]
[White "Yu, Zong Yang"]
[Black "Ma, Indy"]
[Result "1-0"]
[WhiteElo "2112"]
[BlackElo "1736"]
[PlyCount "135"]
[GameId "2160767909381861"]
[EventDate "2013.02.08"]
[EventType "swiss"]
[EventRounds "5"]
[EventCountry "CAN"]
[SourceTitle "EXT 2022"]
[Source "ChessBase"]
[SourceDate "2021.10.06"]
[SourceVersion "1"]
[SourceVersionDate "2021.10.06"]
[SourceQuality "1"]

1. d4 Nf6 2. c4 e6 3. Nf3 d5 4. Nc3 Bb4 5. e3 O-O 6. Bd3 dxc4 7. Bxc4 b6 8. O-O Bb7 9. a3 Bxc3 10. bxc3 Ne4 11. Qc2 Nd7 12. Bd3 Ndf6 13. Ne5 c5 14. f3 Nd6 15. Bb2 Qc7 16. Qe2 a6 17. e4 b5 18. Qf2 Rac8 19. Rac1 c4 20. Bb1 Nd7 21. Rcd1 Nb6 22. Bc2 Rcd8 23. Bc1 f6 24. Ng4 Nf7 25. Qh4 e5 26. Qg3 Qe7 27. Be3 exd4 28. Bxd4 Nd7 29. Qc7 Bc8 30. a4 Qd6 31. Qxd6 Nxd6 32. Ba7 Nf7 33. axb5 axb5 34. Rb1 Ba6 35. Ne3 Nde5 36. Nd5 Rd7 37. Bc5 Rfd8 38. Rfd1 Kh8 39. Bb6 Rb8 40. Bd4 Nc6 41. Nb4 Nxb4 42. Rxb4 Ne5 43. Rb2 Nc6 44. Be3 Rxd1+ 45. Bxd1 b4 46. Ba4 bxc3 47. Rxb8+ Nxb8 48. Ba7 c2 49. Bxc2 Nc6 50. Bc5 Kg8 51. Kf2 Kf7 52. f4 Na5 53. Ke1 Nb3 54. Bb4 Nd4 55. Bb1 Ke6 56. Kd2 Bb5 57. Ke3 Nc6 58. Bc3 Ba6 59. Ba2 Kd6 60. g4 Ke6 61. h4 Kd6 62. h5 Ke6 63. Kd2 Kd6 64. h6 g5 65. e5+ fxe5 66. fxg5 e4 67. g6 e3+ 68. Kxe3 1-0

[Event "Quebec-ch U20"]
[Site "Montreal CAN"]
[Date "2013.02.09"]
[Round "3"]
[White "Zhang, Evan"]
[Black "Zhu, Hong Rui"]
[Result "1/2-1/2"]
[WhiteElo "1408"]
[BlackElo "2062"]
[PlyCount "74"]
[GameId "2160767909381862"]
[EventDate "2013.02.08"]
[EventType "swiss"]
[EventRounds "5"]
[EventCountry "CAN"]
[SourceTitle "EXT 2022"]
[Source "ChessBase"]
[SourceDate "2021.10.06"]
[SourceVersion "1"]
[SourceVersionDate "2021.10.06"]
[SourceQuality "1"]

1. e4 c5 2. Nf3 d6 3. d4 cxd4 4. Nxd4 Nf6 5. Nc3 g6 6. Be3 Bg7 7. f3 Nc6 8. Qd2 O-O 9. O-O-O d5 10. exd5 Nxd5 11. Nxd5 Qxd5 12. Nxc6 Qxc6 13. Bh6 Bf5 14. Bxg7 Kxg7 15. Bd3 Rfd8 16. Qe2 Bxd3 17. Rxd3 Rxd3 18. Qxd3 Qc7 19. h4 Rd8 20. Qe4 Qd6 21. a3 Qd2+ 22. Kb1 Qxg2 23. Re1 e6 24. Qxb7 Qf2 25. Qe4 h5 26. Re2 Qd4 27. Ka2 Qf6 28. c3 Rd5 29. Qe3 Qxh4 30. f4 Qg4 31. Re1 a5 32. c4 Rd7 33. c5 Qf5 34. Rc1 Qd5+ 35. Ka1 Rc7 36. Qc3+ Kh7 37. Qxa5 Rc6 1/2-1/2

[Event "Quebec-ch U20"]
[Site "Montreal CAN"]
[Date "2013.02.10"]
[Round "4"]
[White "Cote-Lalumiere, Tristan"]
[Black "Sturt, Raven"]
[Result "0-1"]
[WhiteElo "1859"]
[BlackElo "2301"]
[PlyCount "54"]
[GameId "2160767909381864"]
[EventDate "2013.02.08"]
[EventType "swiss"]
[EventRounds "5"]
[EventCountry "CAN"]
[SourceTitle "EXT 2022"]
[Source "ChessBase"]
[SourceDate "2021.10.06"]
[SourceVersion "1"]
[SourceVersionDate "2021.10.06"]
[SourceQuality "1"]

1. e4 c6 2. c4 d5 3. cxd5 cxd5 4. exd5 Nf6 5. Bb5+ Nbd7 6. Nc3 a6 7. Ba4 b5 8. Bc2 Nb6 9. Nf3 Nbxd5 10. O-O e6 11. d4 Bb7 12. a3 h6 13. Qd3 Rc8 14. Ne5 Nxc3 15. bxc3 Be4 16. Qd2 Bxc2 17. Qxc2 Qxd4 18. cxd4 Rxc2 19. Be3 Be7 20. a4 b4 21. Rfc1 Rxc1+ 22. Rxc1 O-O 23. Nc6 Bd6 24. Bd2 Nd5 25. g3 Rc8 26. Na5 Rxc1+ 27. Bxc1 Nc3 0-1

[Event "Quebec-ch U20"]
[Site "Montreal CAN"]
[Date "2013.02.10"]
[Round "4"]
[White "Johnson-Constantin, Mathieu"]
[Black "Poulin, Mathieu"]
[Result "0-1"]
[WhiteElo "1391"]
[BlackElo "2025"]
[PlyCount "114"]
[GameId "2160767909381866"]
[EventDate "2013.02.08"]
[EventType "swiss"]
[EventRounds "5"]
[EventCountry "CAN"]
[SourceTitle "EXT 2022"]
[Source "ChessBase"]
[SourceDate "2021.10.06"]
[SourceVersion "1"]
[SourceVersionDate "2021.10.06"]
[SourceQuality "1"]

1. e4 c6 2. d4 d5 3. exd5 cxd5 4. Nc3 Nc6 5. Bb5 Nf6 6. Nf3 Bg4 7. Bf4 a6 8. Bxc6+ bxc6 9. Qd3 Bxf3 10. Qxf3 Qb6 11. Qd3 e6 12. b3 Be7 13. O-O O-O 14. Na4 Qa7 15. c4 Rfd8 16. c5 Nd7 17. Rfe1 Bf6 18. Rad1 Re8 19. Qg3 Qb7 20. Bd6 Qb4 21. Qc3 Qxc3 22. Nxc3 e5 23. dxe5 Nxe5 24. Na4 Re6 25. f4 Nd7 26. f5 Ree8 27. Rxe8+ Rxe8 28. Nb6 Ne5 29. Kf2 Ng4+ 30. Kf3 h5 31. h3 Re3+ 32. Kf4 Re4+ 33. Kf3 Nh6 34. Nd7 Nxf5 35. Bh2 Nd4+ 36. Kf2 Bh4+ 37. Kf1 Nf5 38. Bg1 Bg3 39. Bf2 Ne3+ 40. Bxe3 Rxe3 41. Nb6 Kf8 42. Nc8 Ke8 43. Nd6+ Bxd6 44. cxd6 Kd7 45. Rd4 Re4 46. Rd3 Kxd6 47. Rg3 g6 48. Rf3 Re7 49. Rf4 Kc5 50. b4+ Kb5 51. a4+ Kb6 52. h4 Re4 53. Rxf7 Rxb4 54. a5+ Kxa5 55. Rf6 Kb5 56. Rxg6 Rxh4 57. Rg5 a5 0-1

[Event "Quebec-ch U20"]
[Site "Montreal CAN"]
[Date "2013.02.10"]
[Round "4"]
[White "Ma, Indy"]
[Black "Saine, Zachary"]
[Result "1-0"]
[WhiteElo "1736"]
[BlackElo "1511"]
[PlyCount "57"]
[GameId "2160767909381867"]
[EventDate "2013.02.08"]
[EventType "swiss"]
[EventRounds "5"]
[EventCountry "CAN"]
[SourceTitle "EXT 2022"]
[Source "ChessBase"]
[SourceDate "2021.10.06"]
[SourceVersion "1"]
[SourceVersionDate "2021.10.06"]
[SourceQuality "1"]

1. d4 d5 2. c4 e6 3. Nc3 c6 4. e3 Nf6 5. Nf3 Bd6 6. Bd3 dxc4 7. Bxc4 b5 8. Bd3 Nbd7 9. O-O O-O 10. e4 e5 11. d5 a6 12. dxc6 Nc5 13. Re1 Re8 14. Bc2 Be6 15. Nd5 Bxd5 16. exd5 Bc7 17. Be3 Bb6 18. b4 Na4 19. Bxb6 Nxb6 20. d6 Nc4 21. c7 Qxd6 22. Qxd6 Nxd6 23. Rad1 Re6 24. Bb3 Nc4 25. Rd8+ Re8 26. Red1 Nb6 27. Nxe5 Nfd5 28. Bxd5 Raxd8 29. Bxf7+ 1-0

[Event "Quebec-ch U20"]
[Site "Montreal CAN"]
[Date "2013.02.10"]
[Round "4"]
[White "Nikulich, Oleksandr"]
[Black "Yu, Zong Yang"]
[Result "0-1"]
[WhiteElo "1933"]
[BlackElo "2112"]
[PlyCount "72"]
[GameId "2160767909381868"]
[EventDate "2013.02.08"]
[EventType "swiss"]
[EventRounds "5"]
[EventCountry "CAN"]
[SourceTitle "EXT 2022"]
[Source "ChessBase"]
[SourceDate "2021.10.06"]
[SourceVersion "1"]
[SourceVersionDate "2021.10.06"]
[SourceQuality "1"]

1. Nf3 Nf6 2. c4 b6 3. g3 Bb7 4. Bg2 e6 5. O-O Be7 6. d4 O-O 7. Nc3 d5 8. Ne5 Nbd7 9. Bf4 Ne4 10. Qc2 Nxc3 11. bxc3 c6 12. Ng4 dxc4 13. h4 Nf6 14. Ne5 Nd5 15. Bd2 Rc8 16. Nxc4 c5 17. Qd3 Ba6 18. e4 cxd4 19. exd5 Bxc4 20. Qxd4 Bxf1 21. Rxf1 Bf6 22. Qa4 exd5 23. Qxa7 Bxc3 24. Bxc3 Rxc3 25. Rb1 Rc6 26. Qb7 Rd6 27. Rd1 d4 28. Rd3 Qd7 29. Qxd7 Rxd7 30. Bc6 Rc7 31. Bb5 Rd8 32. a4 Rc1+ 33. Kg2 Rc3 34. Kf3 Rxd3+ 35. Bxd3 Re8 36. Bb5 Re5 0-1

[Event "Quebec-ch U20"]
[Site "Montreal CAN"]
[Date "2013.02.10"]
[Round "4"]
[White "Ouellet, Maili-Jade"]
[Black "Shi, Ling Yun"]
[Result "1-0"]
[WhiteElo "1552"]
[BlackElo "1683"]
[PlyCount "135"]
[GameId "2160767909381869"]
[EventDate "2013.02.08"]
[EventType "swiss"]
[EventRounds "5"]
[EventCountry "CAN"]
[SourceTitle "EXT 2022"]
[Source "ChessBase"]
[SourceDate "2021.10.06"]
[SourceVersion "1"]
[SourceVersionDate "2021.10.06"]
[SourceQuality "1"]

1. d4 d5 2. c4 e6 3. Nc3 Nf6 4. Bg5 Be7 5. e3 O-O 6. Nf3 Nbd7 7. cxd5 exd5 8. Bd3 c6 9. Qc2 h6 10. Bh4 Re8 11. Rb1 a5 12. a3 Nh5 13. Bxe7 Qxe7 14. O-O Nhf6 15. b4 axb4 16. axb4 b5 17. Nd2 Nb6 18. Rfe1 Bb7 19. Nb3 Ne4 20. f3 Nxc3 21. Qxc3 Rac8 22. Bf5 Rc7 23. Nc5 Bc8 24. Bc2 Qg5 25. Kh1 Bf5 26. e4 Bg6 27. Re2 Rce7 28. Rf1 Qf6 29. Rfe1 Rd8 30. Rd1 Nc4 31. Kg1 Qf4 32. g3 Qb8 33. Rde1 Rde8 34. Bb3 Nd6 35. Bc2 Qa8 36. Kf2 Nb7 37. Nb3 Nd6 38. Nd2 Nc4 39. Nb3 Qc8 40. Nc5 Qh3 41. Kg1 Qh5 42. Bd1 Qg5 43. f4 Qf6 44. e5 Qf5 45. Rg2 h5 46. Rf2 Ra7 47. Bc2 Qg4 48. f5 Ra3 49. Nb3 Bh7 50. Rf4 Qg5 51. Ref1 Qd8 52. R1f2 Re7 53. f6 Rea7 54. Bxh7+ Kxh7 55. fxg7 Kxg7 56. R4f3 Qe7 57. Qe1 Qg5 58. Qf1 Qe7 59. Qe2 Qxb4 60. Nd2 Rxf3 61. Nxf3 Qb1+ 62. Rf1 Qe4 63. Qf2 Qg6 64. Nh4 Qg4 65. Qf6+ Kg8 66. Nf5 Qg6 67. Nh6+ Kf8 68. Qxg6 1-0